000 01075nam a2200301 4500
001 0000014964
003 CO-CtgCURN
005 20250329164824.0
007 ta
008 160627s1982 000 0 eng d
020 _a8471665743
040 _aCO-CtgCURN
_bspa
_ccoctgcurn
082 0 _a658
_bH15a
100 1 _aHall, L.
245 1 0 _aAdministración de empresas /
_cL. Hall.
260 _aMadrid :
_bEdaf Ediciones,
_c1982.
300 _a446 p.
336 _2rdacontent
337 _2rdamedia
_asin mediacion
_bn
338 _2rdacarrier
_avolumen
_bnc
490 1 _aBiblioteca para dirección de empresas
505 8 _aFundamentos generales de la dirección.--Organizacion y control de procedimientos de oficina.--Dirección de Personal.--Administracion industrial.--Dirección de marketing y de ventas.--Comunicación
650 1 4 _aAdministración de empresas.
908 _a160627
942 _cBK
_h658
_iH15a
_2ddc
999 _c1538
_d1538